Statystyki dla Wymień 4... #1

Kliknij tutaj aby rozwiązać quiz!

Ogólne statystyki

  • Ten quiz został rozwiązany 551 razy
  • Średni wynik to 23 z 32

Statystyki odpowiedzi

% Poprawnych
Chiny
99%
Chiny
99%
Rosja
99%
Warszawa
97%
Kraków
96%
Stany Zjednoczone
96%
Stany Zjednoczone
96%
Ziemia
96%
Mars
95%
Kanada
93%
Merkury
88%
Mount Everest
88%
Wenus
87%
Indie
86%
Wrocław
86%
Łódź
85%
Grenlandia
73%
Teksas
73%
Teksas
73%
Kalifornia
69%
Kalifornia
69%
K2
61%
Alaska
60%
Madagaskar
60%
Nowy Jork
60%
Indonezja
49%
Floryda
41%
Borneo
28%
Montana
20%
Nowa Gwinea
17%
Lhotse
7%
Kanczendzonga
6%

Rozkład punktacji

Percentyl według liczby udzielonych odpowiedzi

Procent ludzi z każdym wynikiem

Twoja historia wyników

Nie rozwiązałeś tego quizu